[Event "Danmarksmesterskabet 2025"]
[Site "Svendborg"]
[Date "2025.04.20"]
[Round "9"]
[White "Percivaldi, Martin"]
[Black "Olsen, Filip Boe"]
[Result "0-1"]
[WhiteElo "2375"]
[BlackElo "2447"]
[WhiteFideId "1508148"]
[BlackFideId "1440640"]
[EventDate "2025.04.12"]
[EventType "tourn"]
[EventRounds "9"]
[EventCountry "DEN"]
[SourceTitle "Live v. Kasper Jerwiarz"]

1. d4 Nf6 2. c4 e6 3. Nf3 d5 4. Nc3 c6 5. e3 Nbd7 6. Qc2 Bd6 7. Be2 O-O 8. O-O dxc4 9. Bxc4 b5 10. Bd3 Bb7 11. e4 e5 12. h3 Re8 13. Bg5 h6 14. Bh4 exd4 15. Nxd4 Ne5 16. Rad1 Ng6 17. e5 Nxh4 18. exf6 Qxf6 19. Ne4 Qg6 20. f4 Bf8 21. f5 Qxg2+ 22. Qxg2 Nxg2 23. Kxg2 c5 24. Nxb5 Bxe4+ 25. Bxe4 Rxe4 26. Nc3 Rd4 27. Rxd4 cxd4 28. Ne4 Rb8 29. Rf2 Rb5 30. Rd2 Rxf5 31. Rxd4 Rb5 32. b3 Rb4 33. Rxb4 Bxb4 34. Nf2 f5 35. Nd3 a5 36. Ne5 Bc3 37. Nd3 Kf7 38. a3 Ke6 39. Nf4+ Ke5 40. Kf3 g5 41. Nh5 Bb2 42. a4 Ke6 43. Ng3 Be5 44. Nf1 Bf4 45. h4 Kd5 0-1

[Event "Danmarksmesterskabet 2025"]
[Site "Svendborg"]
[Date "2025.04.20"]
[Round "9"]
[White "Nielsen, Viktor Haarmark"]
[Black "Thybo, Jesper Sondergaard"]
[Result "0-1"]
[WhiteElo "2350"]
[BlackElo "2560"]
[WhiteFideId "1444492"]
[BlackFideId "1438832"]
[EventDate "2025.04.12"]
[EventType "tourn"]
[EventRounds "9"]
[EventCountry "DEN"]
[SourceTitle "Live v. Kasper Jerwiarz"]

1. d4 Nf6 2. c4 e6 3. Nf3 d5 4. g3 Bb4+ 5. Nbd2 dxc4 6. a3 Bxd2+ 7. Bxd2 Bd7 8. Rc1 Bc6 9. Rxc4 Bxf3 10. exf3 Nc6 11. Be3 O-O 12. Bg2 Qd7 13. O-O Nd5 14. Qd3 Nxe3 15. Qxe3 Ne7 16. f4 c6 17. Rd1 Rfd8 18. Be4 Nc8 19. h4 Qe7 20. Rc2 Nd6 21. Bd3 Rd7 22. Rcd2 a6 23. Qe5 Rad8 24. Kg2 Kh8 25. h5 h6 26. g4 Ne8 27. Be2 Rd5 28. Qe3 R5d7 29. Qe5 Qf6 30. Rd3 Nc7 31. g5 Qe7 32. Rg3 f6 33. gxf6 Qxf6 34. Qxf6 gxf6 35. Rg6 Rg8 36. Rxg8+ Kxg8 37. Kf3 Rg7 38. Bc4 f5 39. a4 Kf7 40. Re1 Ke7 41. Bb3 Kd6 42. Ba2 a5 43. Bb3 Rg4 44. Bc4 b5 45. Ba2 Rg8 46. Bb3 Rb8 47. Rc1 Nd5 48. Rc5 bxa4 49. Bxa4 Rxb2 50. Rxc6+ Ke7 51. Ra6 Ra2 52. Ra7+ Kf6 53. Be8 Ra3+ 54. Kg2 Nxf4+ 55. Kh2 Kg5 56. Rg7+ Kh4 57. Rg6 Ra2 58. Rxh6 Rxf2+ 59. Kg1 Kg3 60. Bb5 Nh3+ 61. Kh1 Rh2# 0-1

[Event "Danmarksmesterskabet 2025"]
[Site "Svendborg"]
[Date "2025.04.20"]
[Round "9"]
[White "Pilgaard, Kim"]
[Black "Haubro, Martin"]
[Result "0-1"]
[WhiteElo "2361"]
[BlackElo "2376"]
[WhiteFideId "1400657"]
[BlackFideId "1414291"]
[EventDate "2025.04.12"]
[EventType "tourn"]
[EventRounds "9"]
[EventCountry "DEN"]
[SourceTitle "Live v. Kasper Jerwiarz"]

1. d4 d5 2. c4 e6 3. Nc3 c6 4. e4 dxe4 5. Nxe4 Bb4+ 6. Bd2 Qxd4 7. Bxb4 Qxe4+ 8. Ne2 Na6 9. Bf8 Ne7 10. Bxg7 Rg8 11. Bc3 Bd7 12. Qd4 Qxd4 13. Nxd4 c5 14. Nc2 Bc6 15. f3 O-O-O 16. Bf6 Rd7 17. Rd1 Rxd1+ 18. Kxd1 Nf5 19. Ke1 e5 20. Kf2 e4 21. g3 Rg6 22. Bc3 Nd6 23. Bh3+ Kc7 24. Be5 Kb6 25. Ne3 Nb4 26. f4 Rh6 27. Bg2 f5 28. Rd1 Nd3+ 29. Kg1 Nxe5 30. fxe5 Nf7 31. Nxf5 Re6 32. Ne3 Nxe5 33. Nd5+ Ka5 34. b3 Nf3+ 35. Bxf3 exf3 36. Rd2 b5 37. Kf2 bxc4 38. bxc4 Re4 39. Rc2 Rd4 40. h4 h6 41. Kxf3 Rxc4 42. Rxc4 Bxd5+ 43. Re4 c4 44. Ke3 Bxe4 45. Kxe4 h5 46. g4 c3 47. Kd3 hxg4 48. h5 g3 49. h6 g2 50. h7 g1=Q 51. h8=Q Qb1+ 0-1

[Event "Danmarksmesterskabet 2025"]
[Site "Svendborg"]
[Date "2025.04.20"]
[Round "9"]
[White "Ochsner, Bjorn Moller"]
[Black "Falkesgaard, Jeppe Hald"]
[Result "1-0"]
[WhiteElo "2492"]
[BlackElo "2290"]
[WhiteFideId "1416928"]
[BlackFideId "1464981"]
[EventDate "2025.04.12"]
[EventType "tourn"]
[EventRounds "9"]
[EventCountry "DEN"]
[SourceTitle "Live v. Kasper Jerwiarz"]

1. e4 c5 2. Nf3 e6 3. d4 cxd4 4. Nxd4 Nc6 5. Nc3 Qc7 6. Be3 a6 7. a3 b5 8. Nxc6 Qxc6 9. Be2 Bb7 10. O-O Qc7 11. Qd3 Nf6 12. f4 Rc8 13. Bf3 Qc4 14. Rad1 Qxd3 15. cxd3 Bxa3 16. Nxb5 Bb4 17. Nd4 O-O 18. g4 d5 19. e5 Nd7 20. Kg2 a5 21. Kg3 Ba6 22. Be2 Bc5 23. Rc1 Rb8 24. b3 Rb4 25. Rxc5 Nxc5 26. Nc6 Rb5 27. Na7 Nxb3 28. Nxb5 Bxb5 29. Rb1 a4 30. Bc5 Rc8 31. Bb4 d4 32. Kf2 h6 33. h4 Rc2 34. Ke1 Nc1 35. Bd2 Nxd3+ 36. Kd1 Rb2 37. Bxd3 a3 38. Rxb2 axb2 39. Bb1 Ba4+ 40. Ke2 Bb5+ 41. Kf2 Ba4 42. Bb4 g5 43. hxg5 hxg5 44. fxg5 Bd1 45. Ba3 Bxg4 46. Bxb2 Kg7 47. Bxd4 Bd1 48. Bc5 Bb3 49. Be7 Bc4 50. Ke3 Bd5 51. Kd4 Bb3 52. Kc5 Bd5 53. Bd3 Ba2 54. Kd6 Bb3 55. Kd7 Bd5 56. Kd8 Bb3 57. Bf6+ Kf8 58. g6 fxg6 59. Bxg6 Ba4 60. Bh5 Bb5 61. Bg5 1-0